000 00605nam a22001815i 4500
001 166045
003 ES-MaACL
005 20250724063435.0
008 050919s1904 fr | |||||||| ||fre d
040 _aCAM
_bspa
_cCAM
100 1 _aTarde, Gabriel de,
_d1843-1904
_9133127
245 1 4 _aLes lois du l'imitation
_b: étude sociologique /
_cpar G. Tarde.
260 _aParis :
_bFélix Alcan,
_c1904 (
_eÉvreux :
_fImprimerie de Charles Hérissey)
300 _aXXIV, 428 p. ;
_c23 cm.
752 _aFrancia -
_dParís
852 _aES-MaACL
_jB-7193
_z-- Enc. hol.
999 _c166045
_d166045